| 000 | 00678nam a2200181Ia 4500 | ||
|---|---|---|---|
| 008 | 090123s9999 xx 000 0 und d | ||
| 082 | _b22753 | ||
| 100 | _aबर्वे राजेंद्र | ||
| 245 | _aमानसिक ताणतणाव कसा रोखाल | ||
| 250 | _a1 | ||
| 260 |
_bमनोविकास प्रकाशन _c1993 |
||
| 300 | _a123 | ||
| 600 | _aबर्वे राजेंद्र | ||
| 630 | _aमानसिक ताणतणाव कसा रोखाल | ||
| 700 | _aबर्वे राजेंद्र | ||
| 730 | _aमानसिक ताणतणाव कसा रोखाल | ||
| 942 | _cBOOK | ||
| 999 |
_c60825 _d60825 |
||